[Event "1st Heraklion Tal 2019"]
[Site "Heraklion"]
[Date "2019.04.29"]
[Round "1.1"]
[White "Marinakis, Hristos"]
[Black "Dimitrov, Atanas"]
[Result "0-1"]
[WhiteElo "2085"]
[BlackElo "2282"]
[Annotator "TA"]
[PlyCount "148"]
[EventDate "2019.04.29"]
[EventType "tourn"]
[EventCountry "GRE"]
[SourceTitle "playchess.com"]
[Source "ChessBase"]
[SourceQuality "1"]

{[%evp 23,148,12,36,34,56,34,52,52,52,46,48,46,56,25,56,42,32,32,54,40,33,0,0,-7,0,0,0,0,0,-54,-52,-52,-54,-39,-47,-108,-101,-126,-84,-87,-63,-77,-87,-112,-105,-106,-96,-126,-111,-162,-121,-169,-177,-211,-158,-198,-114,-147,-160,-215,-180,-254,-215,-215,-215,-215,-215,-215,-215,-215,-154,-404,-212,-225,-90,-195,-90,-194,-195,-215,-215,-215,-215,-215,-215,-215,-215,-215,-215,-215,-215,-215,-215,-215,-215,-215,-215,-215,-215,-215,-200,-418,-403,-279,-283,-740,-743,-702,-696,-745,-736,-793,-725,-29970,-29971,-29973,-29973,-1660,-936,-1269,-1237,-29985,-29986,-29986,-29986,-29983,-29983]} 1. e4 e5 2. Nf3 Nc6 3. Bb5 a6 4. Ba4 Nf6 5. O-O Be7 6. Re1 b5 7. Bb3 d6 8. c3 O-O 9. h3 Na5 10. Bc2 c5 11. d4 Qc7 12. d5 Bd7 ({Predecessor:} 12... Nb7 13. b3 Bd7 14. Nbd2 Nd8 15. Nf1 Ne8 16. g4 g6 17. Ng3 Ng7 18. Bh6 {1-0 (91) Betancourt,D (2215)-Mendoza,R (2270) Bogota 1986}) 13. b3 $146 {C97: Closed Ruy Lopez: Chigorin Defence: 11 d4 Qc7, sidelines} (13. Nbd2 g6 14. Nf1 Nh5 15. b3 c4 16. Bh6 Rfc8 17. b4 Nb7 18. a4 a5 19. Ng3 Nxg3 20. fxg3 axb4 21. cxb4 bxa4 22. Bxa4 Bxa4 23. Rxa4 {½-½ (46) Hovhannisyan,R (2637)-Akopian,V (2650) St Petersburg 2018}) 13... Ne8 14. Nbd2 g6 15. Nf1 {White is slightly better.} Ng7 16. Bh6 f6 17. g4 Nb7 18. Ng3 Nd8 19. Kh1 Nf7 20. Be3 Kh8 21. Rg1 c4 22. b4 a5 23. a3 axb4 24. axb4 Rxa1 25. Qxa1 Qb7 26. Qa7 (26. Qb2 $11) 26... Qxa7 $15 27. Bxa7 Ra8 $1 {[%cal Ra8a7]} 28. Be3 Ra3 29. Bc1 (29. Bd2 $15) 29... Ra2 $1 $17 {[%cal Ra2c2]} ({But not} 29... Rxc3 $6 30. Ne1 $11) 30. Ne1 Bd8 31. Be3 Ra3 32. Bc1 Ra6 33. Kg2 Bb6 34. Rf1 Ra2 35. Bd2 Ne8 36. Bc1 (36. Kf3 $17) 36... Kg7 37. Bd2 Nc7 38. Bc1 Ba7 39. f3 {[#]} Na8 (39... f5 $1 $19 {[%mdl 512]} 40. gxf5 (40. exf5 Nxd5) 40... gxf5) 40. Nh1 Nb6 41. Nf2 {[#]} (41. Ng3 $17) 41... f5 $1 $19 {[%mdl 512]} 42. Nd1 (42. gxf5 $142 gxf5 43. Rh1) (42. exf5 gxf5) 42... h5 43. gxh5 gxh5 44. Be3 f4 45. Bf2 Ng5 46. Rh1 Kf7 47. Bh4 $2 (47. Rh2 $17 {only move.}) 47... Nh7 (47... Bxh3+ $142 48. Rxh3 Nxh3 49. Kxh3 Na4) 48. Bf2 {[#]} Nf6 (48... h4 $1 $19 {is more deadly.} 49. Rh2 Nf6) 49. Kf1 {[#]} (49. h4 $17) 49... Nc8 (49... h4 $1 $19 {and Black stays clearly on top.} 50. Bxh4 Nh5) 50. Bh4 (50. Bxa7 $17 Rxa7 51. h4) 50... Ne7 51. Bg5 Nh7 52. Bxe7 Kxe7 53. h4 Nf8 54. Ke2 Ng6 55. Kd2 Kf7 56. Ng2 Bb6 57. Kc1 Ra8 58. Kd2 Rg8 59. Ke2 Ne7 60. Ne1 Rg3 61. Nf2 Ng6 62. Bd1 $2 (62. Rh2 {was the only chance.}) 62... Bd8 63. Kf1 Nxh4 64. Be2 $2 (64. Rh2) 64... Kg6 65. Rh2 Kg5 66. Rh1 Bb6 67. Rh2 Be3 68. Ng2 Nxf3 69. Bxf3 Rxf3 70. Ne1 Rg3 71. Ke2 Bxf2 {[%mdl 64] Discovered Attack} 72. Nf3+ {[#]} Rxf3 $1 {Black mates.} 73. Kxf3 Be1 74. Ke2 Bxc3 {Accuracy: White = 35%, Black = 63%.} 0-1

[Event "1st Heraklion Tal 2019"]
[Site "Heraklion"]
[Date "2019.04.29"]
[Round "1.2"]
[White "Milonakis, Georgios"]
[Black "Megalios, Konstantinos"]
[Result "0-1"]
[WhiteElo "2285"]
[BlackElo "2411"]
[Annotator "RC"]
[PlyCount "100"]
[EventDate "2019.04.29"]
[EventType "tourn"]
[EventCountry "GRE"]
[SourceTitle "playchess.com"]
[Source "ChessBase"]
[SourceQuality "1"]
[TimeControl "40/5400+30:1800+30"]

1. Nf3 {[%emt 0:00:00]} d5 {[%emt 0:00:10]} 2. g3 {[%emt 0:00:16]} c6 {[%emt 0:00:08]} 3. Bg2 {[%emt 0:00:15]} Bg4 {[%emt 0:00:34]} 4. c4 {[%emt 0:01:13]} e6 {[%emt 0:00:07]} 5. cxd5 {[%emt 0:00:21]} exd5 {[%emt 0:00:08]} 6. O-O {[%emt 0:00:52]} Nf6 {[%emt 0:00:07]} 7. d3 {[%emt 0:00:31]} Bc5 {[%emt 0:00:46]} 8. Nc3 {[%emt 0:00:58]} O-O {[%emt 0:01:02]} 9. Qb3 {[%emt 0:08:25]} Bb6 {[%emt 0:01:27]} 10. Na4 {[%emt 0:05:15]} Re8 {[%emt 0:03:34]} 11. Nxb6 {[%emt 0:00:56]} axb6 {[%emt 0:00:41]} 12. Re1 {[%emt 0:02:35]} Nbd7 {[%emt 0:11:03]} 13. h3 {[%emt 0:07:57]} Nc5 {[%emt 0:08:27]} 14. Qc3 {[%emt 0:08:15]} Bh5 {[%emt 0:09:23]} 15. Bg5 {[%emt 0:06:55]} Ne6 {[%emt 0:06:20]} 16. Bxf6 {[%emt 0:00:09]} Qxf6 {[%emt 0:00:09]} 17. Qxf6 {[%emt 0:00:08]} gxf6 {[%emt 0:00:05]} 18. g4 {[%emt 0:06:04]} Bg6 {[%emt 0:00:13]} 19. d4 {[%emt 0:00:42]} Ra4 {[%emt 0:08:03]} 20. e3 {[%emt 0:08:27]} Rea8 {[%emt 0:06:37]} 21. a3 {[%emt 0:00:10]} b5 {[%emt 0:02:31]} 22. Rad1 {[%emt 0:05:24]} b4 {[%emt 0:00:48]} 23. axb4 {[%emt 0:01:13]} Rxb4 {[%emt 0:00:08]} 24. Rd2 {[%emt 0:01:17]} Ra2 {[%emt 0:00:10]} 25. Ree2 {[%emt 0:01:34]} Nc7 {[%emt 0:12:54]} 26. Nh4 {[%emt 0:06:21]} Nb5 {[%emt 0:01:38]} 27. Nxg6 {[%emt 0:14:07]} hxg6 {[%emt 0:00:09]} 28. Rc2 {[%emt 0:00:10]} Nd6 {[%emt 0:02:42]} 29. h4 {[%emt 0:01:49]} f5 {[%emt 0:02:11]} 30. gxf5 {[%emt 0:04:12]} Nxf5 {[%emt 0:01:07]} 31. h5 {[%emt 0:01:11]} g5 {[%emt 0:02:14]} 32. Red2 {[%emt 0:00:54]} Kg7 {[%emt 0:00:40]} 33. Rc5 {[%emt 0:04:15]} Rbxb2 {[%emt 0:09:44]} 34. Rxb2 {[%emt 0:00:07]} Rxb2 {[%emt 0:00:02]} 35. e4 {[%emt 0:00:08]} Nxd4 {[%emt 0:01:25]} 36. exd5 {[%emt 0:00:07]} Ne2+ {[%emt 0:06:17]} 37. Kh2 {[%emt 0:00:02]} cxd5 {[%emt 0:00:11]} 38. Rxd5 {[%emt 0:00:32]} Nf4 {[%emt 0:01:11]} 39. Rxg5+ {[%emt 0:01:24]} Kf6 {[%emt 0:01:00]} 40. Rg4 {[%emt 0:00:00]} Rxf2 {[%emt 0:00:00]} 41. Kh1 {[%emt 0:09:16]} Nxg2 {[%emt 0:12:03]} 42. h6 {[%emt 0:03:10]} Ne3 {[%emt 0:10:41]} 43. Rg3 {[%emt 0:10:07]} Nf5 {[%emt 0:07:26]} 44. Rh3 {[%emt 0:00:08]} Ne7 {[%emt 0:00:52]} 45. h7 {[%emt 0:01:43]} Ng6 {[%emt 0:00:08]} 46. h8=Q+ {[%emt 0:01:43]} Nxh8 {[%emt 0:00:07]} 47. Rxh8 {[%emt 0:00:06]} b5 {[%emt 0:00:14]} 48. Kg1 {[%emt 0:00:28]} Rb2 {[%emt 0:00:17]} 49. Kf1 {[%emt 0:01:09]} Ke5 {[%emt 0:00:14]} 50. Ke1 {[%emt 0:00:03]} f5 {[%emt 0:00:41]} 0-1

[Event "1st Heraklion Tal 2019"]
[Site "Heraklion"]
[Date "2019.04.29"]
[Round "1.3"]
[White "Dudin, Gleb"]
[Black "De Seroux, Camille"]
[Result "1/2-1/2"]
[WhiteElo "2332"]
[BlackElo "2151"]
[Annotator "TA"]
[PlyCount "177"]
[EventDate "2019.04.29"]
[EventType "tourn"]
[EventCountry "GRE"]
[SourceTitle "playchess.com"]
[Source "ChessBase"]
[SourceQuality "1"]

{[%evp 16,177,21,14,22,22,33,33,33,16,37,32,39,39,39,39,33,37,40,29,30,28,62,62,62,51,57,70,118,57,60,35,35,33,29,14,12,7,5,10,29,29,29,23,30,0,30,0,31,0,24,26,39,20,31,26,84,83,60,75,120,119,118,110,184,184,232,234,254,209,228,193,188,176,195,176,175,64,64,64,64,64,64,64,64,15,64,64,71,64,72,72,72,71,71,71,72,72,72,71,72,72,72,72,72,72,72,72,72,72,72,72,72,72,72,72,72,72,72,72,72,72,72,72,72,72,72,72,72,72,72,72,79,79,79,0,0,0,15,15,15,15,15,15,15,0,15,15,15,15,15,15,15,0,0,0,15,15,15,15,15,15,15,15]} 1. d4 Nf6 2. c4 e6 3. Nf3 Bb4+ 4. Bd2 Qe7 5. g3 Nc6 6. Bg2 Bxd2+ 7. Qxd2 Ne4 8. Qc2 Qb4+ 9. Kf1 d5 {E11: Bogo-Indian} (9... f5 10. a3 Qe7 11. b4 O-O 12. Nc3 Nxc3 13. Qxc3 d6 14. e3 e5 15. b5 exd4 16. Nxd4 Ne5 17. h3 {½-½ (40) Mamedyarov,S (2817)-Rapport,R (2731) Wijk aan Zee 2019}) 10. e3 Qxc4+ 11. Qxc4 dxc4 {White is slightly better.} 12. Nfd2 Nxd2+ 13. Nxd2 Na5 14. b4 $146 ({Predecessor:} 14. Rc1 Bd7 15. a4 Rb8 16. Nxc4 Nb3 17. Rc3 Bxa4 {0-1 (32) Akbarinia,S (2273)-Gupta,A (2413) Teheran 2004}) 14... cxb3 15. axb3 Nc6 16. Bxc6+ bxc6 17. Ra5 f6 18. Ke2 O-O 19. Rc1 {[%mdl 1024] White has compensation.} Bd7 20. Rca1 a6 $1 21. Ne4 e5 22. Nc5 ({Reject} 22. Rxa6 $6 Rxa6 23. Rxa6 c5 $11) (22. dxe5 $16 fxe5 23. Nd2 (23. Rxe5 Bg4+ 24. Ke1 Rfd8 $16) (23. Rxa6 Bg4+ 24. Ke1 Rab8 $16)) 22... Bc8 $14 23. R1a4 Re8 24. Kd3 {[%cal Rc5a6]} Rb8 25. Kc3 exd4+ 26. Rxd4 Rb5 27. b4 Kf7 28. Ra1 Rb6 29. Rd2 Re5 30. Rd4 Re8 31. Rd2 Re5 32. Rda2 Ke8 33. Ra4 {[%cal Rc5a6]} Rf5 34. R1a2 Rh5 35. h4 {[%cal Rc5a6]} Rd5 (35... Rb5 $11 {remains equal.}) 36. Nxa6 $16 Bxa6 37. Rxa6 Rxa6 38. Rxa6 {[%mdl 4096] Endgame KR-KR} Kd7 39. Ra8 Ke6 (39... h6 $16 {was called for.}) 40. Re8+ $18 Kf7 41. Rc8 Rd7 42. Kc4 Kg6 43. Kc5 Rd2 44. Rxc7 ({Much less strong is} 44. Kxc6 Rc2+ 45. Kd5 Rd2+ 46. Ke4 Rb2 $16) 44... Rc2+ 45. Kd6 {[#] aiming for b5.} Rc4 46. Rxc6 (46. Rb7 $18) 46... Rxb4 $14 47. Rc2 h5 48. Kd5 Kf5 49. f3 Rb1 50. e4+ Kg6 51. Rc3 Rb5+ 52. Kc4 Ra5 53. Kd4 Ra2 54. Ke3 Rg2 55. Kf4 Ra2 56. Rc8 Ra4 57. Rf8 Rb4 58. Rd8 Ra4 59. Rd3 Rb4 60. Ke3 Ra4 61. f4 Ra5 62. f5+ Kh7 63. Kf4 Ra4 64. Re3 Rb4 65. Kf3 Ra4 66. Rd3 Rb4 67. Rd7 Rb3+ 68. Kf2 Rb2+ {[#]} 69. Ke3 $1 Rb3+ 70. Rd3 Rb4 71. Kf3 Ra4 72. Re3 Ra5 73. Rc3 Ra4 74. Rc5 Ra3+ 75. Kg2 ({White should try} 75. Kf4 $16) 75... Ra2+ $11 {The position is equal.} 76. Kh3 Ra3 77. e5 fxe5 78. Rxe5 Kh6 79. Re6+ Kh7 80. Re5 Kh6 81. Kg2 Rb3 82. Kf2 (82. Re6+ {seems wilder.} Kh7 83. Re7 Kg8 84. Re8+ Kh7 85. Re6) 82... Ra3 83. Re6+ Kh7 84. Re3 Ra5 85. Rf3 Kh6 86. Rf4 Ra2+ 87. Kf3 Ra3+ 88. Kg2 Ra2+ 89. Kh3 {Accuracy: White = 63%, Black = 72%.} 1/2-1/2

[Event "1st Heraklion Tal 2019"]
[Site "Heraklion"]
[Date "2019.04.29"]
[Round "1.4"]
[White "Kozhuharov, Spas"]
[Black "Antova, Gabriela"]
[Result "1/2-1/2"]
[WhiteElo "2434"]
[BlackElo "2246"]
[Annotator "TA"]
[PlyCount "29"]
[EventDate "2019.04.29"]
[EventType "tourn"]
[EventCountry "GRE"]
[SourceTitle "playchess.com"]
[Source "ChessBase"]
[SourceQuality "1"]

{[%evp 18,29,17,13,26,14,23,11,22,-14,0,0,-6,-35]} 1. d4 d5 2. c4 c6 3. Nf3 Nf6 4. Nc3 e6 5. e3 Nbd7 6. Bd3 Bd6 7. O-O O-O 8. b3 b6 9. Bb2 Bb7 10. Qc2 c5 {D45: Semi-Slav: 5 e3} (10... Re8 11. Rad1 Rc8 12. Rfe1 e5 13. dxe5 Nxe5 14. Nxe5 Bxe5 15. Bf5 Rc7 16. Ne2 Bxb2 17. Qxb2 Qe7 18. cxd5 Nxd5 {1-0 (74) Postny,E (2615)-Dreev,A (2670) St Petersburg 2018}) 11. cxd5 exd5 12. Rad1 Rc8 {The position is equal.} 13. Qb1 a6 $146 ({Predecessor:} 13... Qe7 14. Be2 a5 15. dxc5 bxc5 16. Rfe1 g6 17. Bf1 Qe6 18. h3 Ne5 19. Nxe5 Bxe5 20. Na4 Ne4 21. Bxe5 Qxe5 22. Qb2 {½-½ (22) Lopez Agustench,E (2201)-Fernandez Cazorla,A (2218) Catalunya 2014}) 14. dxc5 bxc5 15. Ne2 1/2-1/2

[Event "1st Heraklion Tal 2019"]
[Site "Heraklion"]
[Date "2019.04.29"]
[Round "1.5"]
[White "Navaratnam, Rohan Shan Tze"]
[Black "Stoyanov, Tsvetan"]
[Result "0-1"]
[WhiteElo "2068"]
[BlackElo "2416"]
[Annotator "TA"]
[PlyCount "72"]
[EventDate "2019.04.29"]
[EventType "tourn"]
[EventCountry "GRE"]
[SourceTitle "playchess.com"]
[Source "ChessBase"]
[SourceQuality "1"]

{[%evp 17,71,23,10,0,2,0,8,0,1,0,8,11,16,0,18,22,9,-40,-52,-177,-159,-220,-220,-216,-207,-204,-210,-206,-171,-201,-196,-463,-453,-439,-450,-600,-590,-598,-587,-598,-594,-581,-547,-635,-637,-643,-623,-810,-593,-1072,-1040,-29994,-29995,-29997,-29998,-29999]} 1. Nf3 Nf6 2. c4 g6 3. g3 Bg7 4. Bg2 O-O 5. O-O c5 6. d4 cxd4 7. Nxd4 Nc6 8. Nc3 Qa5 9. Nb3 Qh5 10. e3 {A39: Symmetrical English vs ...g6: 4 Bg2 Bg7 5 Nf3 Nf6 6 0-0 0-0 7 d4} (10. c5 a5 11. e3 a4 12. Nd4 Qxc5 13. Nxa4 Qa5 14. b3 e5 15. Bd2 Qa6 16. Nc5 Qa7 17. Nxc6 dxc6 {0-1 (70) Fedoseev,V (2718)-Svidler,P (2765) St Petersburg 2017}) 10... d6 11. Qxh5 Nxh5 12. c5 {The position is equal.} dxc5 13. Nxc5 Rb8 14. Rd1 Nf6 15. b3 $146 ({Predecessor:} 15. e4) 15... Ne5 16. f4 Neg4 17. h3 Nh5 18. N5a4 (18. N5e4 $15) 18... b5 $19 19. hxg4 (19. Rb1 $17) 19... Bxg4 ({Not} 19... bxa4 20. gxh5 Bxc3 21. Rb1 $15) 20. Rd3 bxa4 21. Rb1 Nxg3 22. Kf2 Nh5 23. Nxa4 Rbc8 24. Ba3 $2 {[#]} (24. Bb7) 24... Rc2+ 25. Kg1 Bf5 26. Rdd1 Rxa2 27. Bxe7 Re8 28. Bc5 Bxb1 29. Rxb1 Rd8 30. Bxa7 Rdd2 31. Bf3 Ng3 32. e4 h5 {aiming for ...h4.} 33. e5 h4 {( -> ...h3)} 34. Be3 {[#]} h3 $1 {[%csl Ga2,Gd2][%cal Rh3h2][%mdl 512] Black mates.} 35. Bxd2 Rxd2 {[%csl Gd2][%cal Rh3h2]} 36. Ra1 h2# {Accuracy: White = 25%, Black = 81%.} 0-1

[Event "1st Heraklion Tal 2019"]
[Site "Heraklion"]
[Date "2019.04.30"]
[Round "2.1"]
[White "Dimitrov, Atanas"]
[Black "Stoyanov, Tsvetan"]
[Result "1/2-1/2"]
[WhiteElo "2282"]
[BlackElo "2416"]
[Annotator "NA"]
[PlyCount "35"]
[EventDate "2019.04.29"]
[EventType "tourn"]
[EventCountry "GRE"]
[SourceTitle "playchess.com"]
[Source "ChessBase"]
[SourceQuality "1"]
[TimeControl "40/5400+30:1800+30"]

1. e4 {[%emt 0:00:00]} e5 {[%emt 0:00:00]} 2. Nf3 {[%emt 0:00:00]} Nc6 {[%emt 0:00:08]} 3. Nc3 {[%emt 0:01:15]} Nf6 {[%emt 0:06:11]} 4. Bb5 {[%emt 0:00:08]} a6 {[%emt 0:02:16]} 5. Bxc6 {[%emt 0:00:27]} dxc6 {[%emt 0:00:01]} 6. Nxe5 {[%emt 0:00:12]} Nxe4 {[%emt 0:00:20]} 7. Nxe4 {[%emt 0:00:04]} Qd5 {[%emt 0:01:51]} 8. O-O {[%emt 0:00:30]} Qxe5 {[%emt 0:00:29]} 9. d4 {[%emt 0:04:21]} Qf5 {[%emt 0:04:19]} 10. Re1 {[%emt 0:00:16]} Be6 {[%emt 0:01:03]} 11. Bg5 {[%emt 0:11:52]} Bd6 {[%emt 0:08:17]} 12. Qd2 $11 {[%emt 0:07:01]} h6 {[%emt 0:14:34]} 13. Bh4 {[%emt 0:09:35]} g5 {[%emt 0:01:15]} 14. Nxd6+ {[%emt 0:00:18]} cxd6 {[%emt 0:00:01]} 15. Bg3 {[%emt 0:00:10]} O-O-O {[%emt 0:00:16]} 16. Qb4 {[%emt 0:02:39]} Qd5 {[%emt 0:00:36]} 17. b3 {[%emt 0:02:09]} c5 {[%emt 0:19:03]} 18. dxc5 {[%emt 0:16:53]} 1/2-1/2

[Event "1st Heraklion Tal 2019"]
[Site "Heraklion"]
[Date "2019.04.30"]
[Round "2.2"]
[White "Antova, Gabriela"]
[Black "Navaratnam, Rohan Shan Tze"]
[Result "1/2-1/2"]
[WhiteElo "2246"]
[BlackElo "2068"]
[Annotator "NA"]
[PlyCount "68"]
[EventDate "2019.04.29"]
[EventType "tourn"]
[EventCountry "GRE"]
[SourceTitle "playchess.com"]
[Source "ChessBase"]
[SourceQuality "1"]
[TimeControl "40/5400+30:1800+30"]

1. d4 {[%emt 0:00:00]} d5 {[%emt 0:00:00]} 2. c4 {[%emt 0:00:00]} c6 {[%emt 0:00:00]} 3. Nf3 {[%emt 0:00:00]} Nf6 {[%emt 0:00:00]} 4. Nc3 {[%emt 0:00:00]} dxc4 {[%emt 0:00:04]} 5. a4 {[%emt 0:00:00]} Bf5 {[%emt 0:00:11]} 6. Ne5 {[%emt 0:00:11]} e6 {[%emt 0:00:13]} 7. f3 {[%emt 0:04:37]} c5 {[%emt 0:00:15]} 8. dxc5 {[%emt 0:07:43]} Qxd1+ {[%emt 0:00:27]} 9. Nxd1 {[%emt 0:04:38]} Bxc5 {[%emt 0:03:47]} 10. e4 {[%emt 0:00:34]} Bg6 {[%emt 0:00:11]} 11. Be3 {[%emt 0:04:58]} Nfd7 {[%emt 0:04:42]} 12. Nxd7 {[%emt 0:06:30]} Nxd7 {[%emt 0:00:04]} 13. Bxc4 {[%emt 0:00:26]} Ke7 {[%emt 0:02:00]} 14. Bxc5+ {[%emt 0:04:50]} Nxc5 {[%emt 0:00:02]} 15. b4 {[%emt 0:00:09]} Nd7 {[%emt 0:01:54]} 16. Ne3 {[%emt 0:00:34]} Ne5 {[%emt 0:05:08]} 17. Kf2 {[%emt 0:16:06]} Nxc4 {[%emt 0:04:07]} 18. Nxc4 {[%emt 0:00:01]} Rac8 {[%emt 0:00:30]} 19. Ne3 {[%emt 0:05:53]} Rc3 {[%emt 0:03:51]} 20. h4 {[%emt 0:06:03]} h5 {[%emt 0:03:55]} 21. Rhd1 {[%emt 0:01:38]} Rhc8 {[%emt 0:03:06]} 22. Rd4 {[%emt 0:05:20]} f6 {[%emt 0:09:12]} 23. Rad1 {[%emt 0:08:13]} Be8 {[%emt 0:00:25]} 24. b5 {[%emt 0:03:06]} Ra3 {[%emt 0:01:42]} 25. R1d2 {[%emt 0:07:25]} Rcc3 {[%emt 0:09:52]} 26. Nd1 {[%emt 0:02:05]} Rc5 {[%emt 0:03:04]} 27. Nb2 {[%emt 0:01:26]} Rc7 {[%emt 0:02:03]} 28. Rb4 {[%emt 0:05:25]} Ra2 {[%emt 0:09:33]} 29. Ke2 {[%emt 0:02:02]} a6 {[%emt 0:01:50]} 30. bxa6 {[%emt 0:03:24]} bxa6 {[%emt 0:00:03]} 31. Ke3 {[%emt 0:00:58]} a5 {[%emt 0:05:03]} 32. Rb8 {[%emt 0:00:52]} Bxa4 {[%emt 0:01:45]} 33. Nxa4 {[%emt 0:00:13]} Rxa4 {[%emt 0:00:02]} 34. Rh8 {[%emt 0:00:17]} Ra3+ {[%emt 0:06:01]} 1/2-1/2

[Event "1st Heraklion Tal 2019"]
[Site "Heraklion"]
[Date "2019.04.30"]
[Round "2.3"]
[White "De Seroux, Camille"]
[Black "Kozhuharov, Spas"]
[Result "1-0"]
[WhiteElo "2151"]
[BlackElo "2434"]
[Annotator "TA"]
[PlyCount "67"]
[EventDate "2019.04.29"]
[EventType "tourn"]
[EventCountry "GRE"]
[SourceTitle "playchess.com"]
[Source "ChessBase"]
[SourceQuality "1"]

{[%evp 11,67,0,13,0,-2,-2,0,3,0,0,6,-2,0,-7,0,0,0,-12,-7,0,38,50,116,146,135,130,228,219,329,147,152,153,652,664,732,735,740,730,708,688,706,697,29990,29991,29991,29992,29992,29993,29996,29993,29993,805,809,801,29988,29968,29968,29969]} 1. e4 c5 2. Nc3 Nc6 3. Bb5 Nd4 4. Bc4 e6 5. Nf3 Nf6 6. O-O a6 7. d3 {B30: Sicilian: 2...Nc6 3 Bb5, lines without ...g6} (7. Bb3 d6 8. d3 Nxb3 9. axb3 Be7 10. d4 cxd4 11. Qxd4 O-O 12. Rd1 e5 13. Qd3 h6 14. Nd2 b5 {½-½ (58) Inarkiev,E (2730)-Gelfand,B (2734) Magas 2016}) 7... b5 8. Bb3 $1 Nxb3 9. axb3 {The position is equal.} Bb7 10. e5 Nd5 11. Ne4 Be7 12. c4 $36 {[%mdl 2048] White has some pressure.} Nb4 13. Qe2 O-O 14. Bd2 Nc6 $146 ({Predecessor:} 14... a5) 15. Qe3 Qb6 16. Bc3 f5 (16... Nb8 $14) 17. exf6 $1 $16 gxf6 {[#] Black wants to play ...b4.} 18. b4 $1 {[%cal Bb3b4,Bb4c5][%mdl 544]} bxc4 (18... Qc7 $16 {was called for.}) (18... cxb4 19. Qxb6) 19. bxc5 $18 Qb5 (19... Qd8 {keeps fighting.} 20. dxc4 a5) 20. Rfd1 (20. dxc4 $18 {is more deadly.} Qxc4 21. Qf4) 20... cxd3 $16 21. Rxd3 Rad8 $2 (21... Nb4 $16 22. Bxb4 Qxb4) 22. Rad1 $18 Nb4 {[#] Hoping for ...Bxe4.} 23. Nxf6+ $1 {[%mdl 576] Remove Defender, Decoy} Rxf6 (23... Bxf6 24. Bxf6) 24. Qg5+ {[%mdl 64] Double Attack, Pin} Rg6 25. Qxe7 {[%mdl 64] Double Attack} Nc6 26. Qh4 Rf8 27. Rxd7 {[%csl Gd7][%cal Rh4h7]} h6 28. Qh5 {[%cal Rh5g6]} Ne7 29. Nh4 Rf5 30. Rd8+ Kf7 31. Rf8+ (31. Nxg6 $142 Nxg6 32. Qxh6 Qf1+ 33. Kxf1 e5 34. Qh7+ Kf6 35. R1d6+ Kg5 36. Rxg6+ Kf4 37. Qh4#) 31... Kxf8 32. Nxg6+ Nxg6 33. Qxg6 Bd5 {[#]} 34. Rxd5 $1 {Accuracy: White = 64%, Black = 46%.} 1-0

[Event "1st Heraklion Tal 2019"]
[Site "Heraklion"]
[Date "2019.04.30"]
[Round "2.4"]
[White "Megalios, Konstantinos"]
[Black "Dudin, Gleb"]
[Result "1-0"]
[WhiteElo "2411"]
[BlackElo "2332"]
[Annotator "NA"]
[PlyCount "51"]
[EventDate "2019.04.29"]
[EventType "tourn"]
[EventCountry "GRE"]
[SourceTitle "playchess.com"]
[Source "ChessBase"]
[SourceQuality "1"]
[TimeControl "40/5400+30:1800+30"]

1. d4 {[%emt 0:00:00]} g6 {[%emt 0:04:58]} 2. e4 {[%emt 0:02:38]} Bg7 {[%emt 0:00:25]} 3. c4 {[%emt 0:01:24]} d6 {[%emt 0:02:27]} 4. Nc3 {[%emt 0:02:17]} c5 {[%emt 0:05:19]} 5. Nge2 {[%emt 0:05:36]} cxd4 $11 {[%emt 0:35:17]} 6. Nxd4 {[%emt 0:00:13]} a6 {[%emt 0:00:04]} 7. Be3 {[%emt 0:01:27]} Nf6 {[%emt 0:05:58]} 8. f3 {[%emt 0:03:22]} O-O {[%emt 0:08:23]} 9. Qd2 {[%emt 0:00:14]} Nc6 {[%emt 0:00:15]} 10. Be2 {[%emt 0:08:16]} Nd7 {[%emt 0:04:13]} 11. Rc1 {[%emt 0:03:08]} Nxd4 {[%emt 0:05:38]} 12. Bxd4 {[%emt 0:00:08]} Bxd4 {[%emt 0:00:11]} 13. Qxd4 {[%emt 0:00:05]} Ne5 {[%emt 0:00:06]} 14. O-O {[%emt 0:03:33]} Nc6 {[%emt 0:00:12]} 15. Qe3 {[%emt 0:03:45]} e5 {[%emt 0:04:17]} 16. Rfd1 {[%emt 0:09:02]} Be6 {[%emt 0:03:12]} 17. Bf1 {[%emt 0:04:11]} Rc8 {[%emt 0:05:51]} 18. b3 {[%emt 0:04:19]} Qa5 {[%emt 0:09:46]} 19. Rxd6 {[%emt 0:17:15]} Nd4 {[%emt 0:00:32]} 20. Na4 {[%emt 0:01:08]} b5 {[%emt 0:02:06]} 21. Nb6 {[%emt 0:02:00]} bxc4 {[%emt 0:00:45]} 22. Nxc8 {[%emt 0:02:54]} Rxc8 {[%emt 0:00:23]} 23. Bxc4 {[%emt 0:06:16]} Qc5 {[%emt 0:00:40]} 24. Rxe6 {[%emt 0:02:49]} Nxf3+ {[%emt 0:00:30]} 25. Kf2 {[%emt 0:00:25]} Qxe3+ {[%emt 0:00:30]} 26. Kxe3 {[%emt 0:00:08]} 1-0